000 01202nam a22003014a 4500
001 ebr10170824
003 CaPaEBR
006 m u
007 cr cn|||||||||
008 050602s2006 ctua sb 001 0 eng
010 _z 2005016027
020 _z0300108354 (pbk. : alk. paper)
040 _aCaPaEBR
_cCaPaEBR
035 _a(OCoLC)191935911
050 1 4 _aPC2073
_b.G57 2006eb
082 0 4 _a440/.19
_222
100 1 _aGolato, Peter,
_d1965-
245 1 0 _aProcessing French
_h[electronic resource] :
_ba psycholinguistic perspective /
_cPeter Golato.
260 _aNew Haven :
_bYale University Press,
_cc2006.
300 _aviii, 207 p. :
_bill.
504 _aIncludes bibliographical references (p. [195]-203) and index.
533 _aElectronic reproduction.
_bPalo Alto, Calif. :
_cebrary,
_d2013.
_nAvailable via World Wide Web.
_nAccess may be limited to ebrary affiliated libraries.
650 0 _aFrench language
_xPsychological aspects.
650 0 _aPsycholinguistics.
655 7 _aElectronic books.
_2local
710 2 _aebrary, Inc.
856 4 0 _uhttp://site.ebrary.com/lib/rucke/Doc?id=10170824
_zAn electronic book accessible through the World Wide Web; click to view
999 _c249721
_d249721